000 00335nam a2200109 4500
008 180213b xxu||||| |||| 00| 0 eng d
245 _aJapan offers teacher training, Japanese studies scholarship.
260 _aPhilippines
_bThe Philippine Star
_cc2017
300 _apage 6.
650 0 _926401
_aInternational relation.
942 _2ddc
_cPER
999 _c8586
_d8586